000 00534nam a2200169 a 4500
001 000040155
005 20201002033942.0
008 130809s1972 ag 000 0 spa d
040 _aDO-SdBNP
_bspa
_cBNPHU
100 1 _aSunkel, Osvaldo
_936188
245 1 0 _aCapitalismo transnacional y desintegración nacional en América Latina /
_cOsvaldo Sulkel.
260 _aBuenos Aires :
_bNueva Visión,
_c1972.
300 _a85 p. ;
_c19 cm.
490 1 _aFichas
500 _aIncluye notas al pie de las páginas
830 0 _aFichas
_933686
999 _c39645
_d39645